| 000 | 00516nam a22001697a 4500 | ||
|---|---|---|---|
| 005 | 20231101100857.0 | ||
| 008 | 231101b |||||||| |||| 00| 0 eng d | ||
| 020 | _a0702156043 | ||
| 041 | _aEnglish | ||
| 082 | _a346.7 GER | ||
| 100 |
_aGering, L _lEnglish |
||
| 245 |
_aCommentary on the Bills of Exchange Amendment Act 2000 / _cL Gering |
||
| 260 |
_aCape Town : _bJUTA Law, _c2001 |
||
| 300 |
_bxiii, 130 pages ; _c25, 5 cm. |
||
| 650 |
_aLegal practice _bLaw |
||
| 942 |
_cBK _6ALISON_BN_VRIES |
||
| 999 |
_c210 _d210 |
||